000 00797nam a2200277Ia 4500
003 OSt
005 20221007110508.0
006 a|||||r|||| 00| 0
007 ta
008 221006b |||||||| |||| 00| 0 eng d
020 _a135264421
024 _a21,236
037 _cTextual
040 _aLCO
_cLCO
_beng
041 _2eng
_aeng
082 _aY10aZ,193, L1
100 _aCoffey Alan
_9266854
245 0 _aHuman Relations
_b Law Enforcement in a Changing Community
260 _aNew
_bJersey Prentice Hall U.S.A.
_c1971
300 _a241
650 _aHUMAN
_9336080
700 _a Eldefonso Edward
700 _a Hartinger Walter
_9698066
942 _hY10aZ,193, L1
_cTEXL
999 _c1190799
_d1190799